[Event "Nachod op 9th"]
[Site "Nachod"]
[Date "2011.07.04"]
[Round "3.19"]
[White "Bazant, Zdenek"]
[Black "Postupa, Pavel"]
[Result "1/2-1/2"]
[WhiteElo "1898"]
[BlackElo "2060"]
[PlyCount "122"]
[EventDate "2011.07.02"]
[EventType "swiss"]
[EventRounds "9"]
[EventCountry "CZE"]
[SourceTitle "EXT 2012"]
[Source "ChessBase"]
[SourceDate "2011.11.24"]
[SourceVersion "1"]
[SourceVersionDate "2011.11.24"]
[SourceQuality "1"]

1. e4 c5 2. Nc3 Nc6 3. f4 g6 4. Nf3 Bg7 5. Bc4 e6 6. 0-0 Nge7 7. d3 d5 8. Bb5 0-0 9. Bxc6 Nxc6 10. e5 f6 11. Qe1 a6 12. a4 Rb8 13. Bd2 b5 14. axb5 axb5 15. Qg3 Bd7 16. exf6 Bxf6 17. Nd1 b4 18. h4 Nd4 19. Nxd4 Bxh4 20. Qe3 cxd4 21. Qxd4 Bf6 22. Qf2 b3 23. c3 Bb5 24. Qe3 Re8 25. Qg3 Qd6 26. Rf3 Ra8 27. Rb1 Ra6 28. Nf2 Rea8 29. Ng4 Bg7 30. Ne5 Ra1 31. Rff1 Rxb1 32. Rxb1 Qf8 33. c4 dxc4 34. dxc4 Bxe5 35. cxb5 Qc5+ 36. Kh2 Qc2 37. Qe1 Bxb2 38. Qxe6+ Kh8 39. Qc6 Qxb1 40. Qxa8+ Kg7 41. Qb7+ Kh6 42. f5+ g5 43. Qc6+ Kh5 44. Qe8+ Kg4 45. Qe3 Kxf5 46. Qxg5+ Ke4 47. Qe7+ Be5+ 48. g3 Qc2 49. Qxh7+ Kf3 50. Qxc2 Bxg3+ 51. Kh3 bxc2 52. Bc1 Bf4 53. Ba3 Be3 54. Bb2 Ke4 55. Kg4 Kd3 56. Kf3 Bb6 57. Bc1 Kc4 58. Ke2 Ba5 59. Bd2 Kb3 60. Bc1 Ka2 61. Kd3 Kb1 1/2-1/2

[Event "Nachod op"]
[Site "Nachod"]
[Date "2009.07.12"]
[Round "9"]
[White "Kozak, Milos"]
[Black "Bazant, Zdenek"]
[Result "1-0"]
[WhiteElo "2212"]
[BlackElo "1931"]
[PlyCount "64"]
[EventDate "2009.07.04"]
[EventType "swiss"]
[EventRounds "9"]
[EventCountry "CZE"]
[SourceTitle "CBM 131 Extra"]
[Source "ChessBase"]
[SourceDate "2009.09.03"]
[SourceVersion "2"]
[SourceVersionDate "2009.09.16"]
[SourceQuality "1"]

1. d4 d5 2. c4 Bf5 3. cxd5 Bxb1 4. Qa4+ c6 5. Rxb1 Qxd5 6. Nf3 Nd7 7. b4 Ngf6 8. e3 Nb6 9. Qc2 e6 10. Bd3 Be7 11. e4 Qd8 12. 0-0 h6 13. b5 Rc8 14. bxc6 0-0 15. a4 Rxc6 16. Qb3 Qc8 17. Bd2 Rc7 18. Rfc1 Rxc1+ 19. Bxc1 Qc6 20. Ne5 Qxa4 21. Qxa4 Nxa4 22. Rxb7 Rc8 23. Be3 Kf8 24. Rxa7 Nb2 25. Ba6 Rd8 26. f3 Nd1 27. Bc1 Rxd4 28. Rxe7 Ra4 29. Rxf7+ Kg8 30. Bc8 Ra1 31. Bxe6 Kh7 32. Rc7 h5 1-0

[Event "Czechia district-ch"]
[Site "Czech Republic"]
[Date "2003.??.??"]
[Round "5"]
[White "Bazant, Zdenek"]
[Black "Fuchs, Frantisek"]
[Result "1-0"]
[WhiteElo "1885"]
[BlackElo "1980"]
[PlyCount "52"]
[EventDate "2003.??.??"]
[EventType "tourn"]
[EventRounds "13"]
[EventCountry "CZE"]
[SourceTitle "EXT 2007"]
[Source "ChessBase"]
[SourceDate "2006.11.23"]
[SourceVersion "1"]
[SourceVersionDate "2006.11.23"]
[SourceQuality "1"]

1. e4 c5 2. Nc3 e6 3. f4 d5 4. Bb5+ Bd7 5. Bxd7+ Qxd7 6. e5 Nc6 7. d3 Nge7 8. Nf3 Nf5 9. 0-0 Be7 10. g4 Nfd4 11. Ne2 Nxf3+ 12. Rxf3 h5 13. Rh3 g6 14. Ng3 0-0-0 15. gxh5 Nd4 16. Kg2 Nf5 17. Qg4 gxh5 18. Rxh5 Rhg8 19. Qh3 Qa4 20. Kh1 Qxc2 21. Rxf5 exf5 22. Qxf5+ Kb8 23. Be3 Rxg3 24. hxg3 Rh8+ 25. Kg1 Rh2 26. Qc8+ Kxc8 1-0

[Event "Nachod op 9th"]
[Site "Nachod"]
[Date "2003.??.??"]
[Round "9"]
[White "Bazant, Zdenek"]
[Black "Klakurka, Stanislav"]
[Result "1/2-1/2"]
[WhiteElo "1845"]
[BlackElo "1990"]
[PlyCount "44"]
[EventDate "2003.??.??"]
[EventType "swiss"]
[EventRounds "9"]
[EventCountry "CZE"]
[SourceTitle "EXT 2007"]
[Source "ChessBase"]
[SourceDate "2006.11.23"]
[SourceVersion "1"]
[SourceVersionDate "2006.11.23"]
[SourceQuality "1"]

1. e4 e5 2. Nf3 Nc6 3. Bb5 Bc5 4. c3 f5 5. Bxc6 dxc6 6. Nxe5 Bd6 7. Nc4 fxe4 8. d3 Qh4 9. Qe2 Bf5 10. Nbd2 Nf6 11. g3 Qh3 12. Nxd6+ cxd6 13. d4 0-0 14. Qf1 Rae8 15. Nc4 Qxf1+ 16. Rxf1 Bh3 17. Rg1 d5 18. Ne5 Ng4 19. Nxg4 Bxg4 20. Be3 Kf7 21. Kd2 Ke6 22. h4 h5 1/2-1/2

[Event "Nachod op 9th"]
[Site "Nachod"]
[Date "2003.??.??"]
[Round "7"]
[White "Bazant, Zdenek"]
[Black "Stanczyk, Lech"]
[Result "1-0"]
[WhiteElo "1845"]
[BlackElo "2110"]
[PlyCount "109"]
[EventDate "2003.??.??"]
[EventType "swiss"]
[EventRounds "9"]
[EventCountry "CZE"]
[SourceTitle "EXT 2007"]
[Source "ChessBase"]
[SourceDate "2006.11.23"]
[SourceVersion "1"]
[SourceVersionDate "2006.11.23"]
[SourceQuality "1"]

1. e4 e6 2. b3 d5 3. Bb2 dxe4 4. Nc3 Nf6 5. Qe2 Be7 6. Nxe4 0-0 7. 0-0-0 Bd7 8. Nxf6+ Bxf6 9. d4 b5 10. Nf3 a5 11. d5 Bxb2+ 12. Kxb2 Qf6+ 13. Qe5 c6 14. Qxf6 gxf6 15. dxc6 Bxc6 16. Nd4 b4 17. Bc4 f5 18. Rd3 Kg7 19. Rhd1 Kf6 20. f3 h5 21. a3 bxa3+ 22. Kxa3 Be8 23. Nb5 Nc6 24. Nc7 Rc8 25. Nxe8+ Rfxe8 26. Bb5 Re7 27. c4 Nb4 28. Rd7 Nc2+ 29. Kb2 Ne3 30. R1d2 Rxd7 31. Bxd7 Rc7 32. Bb5 f4 33. Ka3 h4 34. Ka4 Ra7 35. Bc6 Nf5 36. Kb5 Ne7 37. Rd7 Nxc6 38. Kxc6 Ra8 39. Kb7 Rg8 40. Rd2 h3 41. gxh3 Rh8 42. c5 Rxh3 43. Rd3 Rxh2 44. c6 Rc2 45. c7 a4 46. bxa4 Rb2+ 47. Kc6 Rc2+ 48. Kd7 Kf5 49. c8Q Rxc8 50. Kxc8 e5 51. a5 Ke6 52. a6 f5 53. a7 e4 54. fxe4 fxe4 55. a8Q 1-0

[Event "Czechia district-ch"]
[Site "Czech Republic"]
[Date "2003.??.??"]
[Round "9"]
[White "Bazant, Zdenek"]
[Black "Velecky, Viktor"]
[Result "1-0"]
[WhiteElo "1885"]
[BlackElo "2085"]
[PlyCount "69"]
[EventDate "2003.??.??"]
[EventType "tourn"]
[EventRounds "13"]
[EventCountry "CZE"]
[SourceTitle "EXT 2007"]
[Source "ChessBase"]
[SourceDate "2006.11.23"]
[SourceVersion "1"]
[SourceVersionDate "2006.11.23"]
[SourceQuality "1"]

1. e4 c5 2. Nc3 Nc6 3. f4 e6 4. Nf3 d6 5. Bc4 a6 6. a4 Nf6 7. d3 Be7 8. 0-0 d5 9. Bb3 Nd4 10. Ba2 dxe4 11. dxe4 0-0 12. Be3 Ng4 13. Bc1 Qb6 14. Bc4 Qb4 15. Bd3 Rd8 16. h3 c4 17. hxg4 cxd3 18. cxd3 Nb3 19. Rb1 Bc5+ 20. Kh2 Bd7 21. Qe2 Nd4 22. Nxd4 Qxd4 23. Rf3 Rac8 24. Be3 Qb4 25. Bxc5 Rxc5 26. Ra1 Bc6 27. g5 Qd4 28. Rh3 g6 29. Qg4 b5 30. axb5 Bxb5 31. Rd1 a5 32. Qg3 Bc6 33. e5 a4 34. Qh4 h5 35. gxh6 1-0

[Event "Nachod op 9th"]
[Site "Nachod"]
[Date "2003.??.??"]
[Round "2"]
[White "Cechura, Petr"]
[Black "Bazant, Zdenek"]
[Result "1/2-1/2"]
[WhiteElo "2030"]
[BlackElo "1845"]
[PlyCount "61"]
[EventDate "2003.??.??"]
[EventType "swiss"]
[EventRounds "9"]
[EventCountry "CZE"]
[SourceTitle "EXT 2007"]
[Source "ChessBase"]
[SourceDate "2006.11.23"]
[SourceVersion "1"]
[SourceVersionDate "2006.11.23"]
[SourceQuality "1"]

1. e4 c5 2. Nf3 Nf6 3. Nc3 Nc6 4. d4 d5 5. exd5 Nxd5 6. dxc5 Nxc3 7. Qxd8+ Nxd8 8. bxc3 g6 9. Nd4 a6 10. f4 Bg7 11. Bc4 Ne6 12. Bxe6 Bxe6 13. Rb1 0-0-0 14. Be3 Bxa2 15. Rb6 e5 16. fxe5 Bxe5 17. c6 Bd5 18. Kf2 Rhe8 19. Rhb1 Bxd4 20. cxb7+ Bxb7 21. cxd4 Rd7 22. c4 Re6 23. Rxe6 fxe6 24. Rb6 Rc7 25. c5 Rc6 26. Rxc6+ Bxc6 27. g4 Kd7 28. Kg3 a5 29. Kf4 h5 30. gxh5 gxh5 31. h4 1/2-1/2

[Event "Nachod op 9th"]
[Site "Nachod"]
[Date "2003.??.??"]
[Round "6"]
[White "Tichy, Miroslav2"]
[Black "Bazant, Zdenek"]
[Result "1-0"]
[WhiteElo "2035"]
[BlackElo "1845"]
[PlyCount "63"]
[EventDate "2003.??.??"]
[EventType "swiss"]
[EventRounds "9"]
[EventCountry "CZE"]
[SourceTitle "EXT 2007"]
[Source "ChessBase"]
[SourceDate "2006.11.23"]
[SourceVersion "1"]
[SourceVersionDate "2006.11.23"]
[SourceQuality "1"]

1. e4 c5 2. Nc3 Nc6 3. g3 g6 4. Bg2 Bg7 5. d3 e6 6. f4 Nge7 7. Be3 d6 8. Nf3 0-0 9. 0-0 Rb8 10. Rb1 b5 11. a3 a5 12. a4 bxa4 13. Nxa4 Nd4 14. b3 Bd7 15. Nb2 Nb5 16. Bd2 Na3 17. Ra1 Bxb2 18. Ra2 c4 19. Rxb2 cxb3 20. cxb3 Qb6+ 21. Kh1 a4 22. Qa1 Nb5 23. bxa4 Ra8 24. Qd1 Qa6 25. axb5 Bxb5 26. Ne1 Bxd3 27. Nxd3 Qxd3 28. Qf3 Qa6 29. Rfb1 d5 30. Qc3 d4 31. Qxd4 Rfd8 32. Qf6 1-0

[Event "Nachod op 8th"]
[Site "Nachod"]
[Date "2002.??.??"]
[Round "5"]
[White "Bazant, Zdenek"]
[Black "Cechura, Petr"]
[Result "1-0"]
[WhiteElo "1880"]
[BlackElo "2015"]
[PlyCount "65"]
[EventDate "2002.??.??"]
[EventType "swiss"]
[EventRounds "9"]
[EventCountry "CZE"]
[SourceTitle "EXT 2007"]
[Source "ChessBase"]
[SourceDate "2006.11.23"]
[SourceVersion "1"]
[SourceVersionDate "2006.11.23"]
[SourceQuality "1"]

1. e4 c5 2. Nc3 e6 3. f4 Nc6 4. Nf3 d5 5. e5 a6 6. a4 Nh6 7. g3 Be7 8. Bg2 Nf5 9. 0-0 Rb8 10. g4 Nfd4 11. Nxd4 Nxd4 12. Ne2 Nc6 13. d3 0-0 14. Kh1 f6 15. exf6 Bxf6 16. g5 Be7 17. d4 cxd4 18. Nxd4 e5 19. Nxc6 bxc6 20. fxe5 Rxf1+ 21. Bxf1 Bxg5 22. Qh5 Bxc1 23. Rxc1 g6 24. Qh6 Bf5 25. b3 Qe7 26. Qe3 Re8 27. Bxa6 Be4+ 28. Kg1 Qxe5 29. Bd3 Rf8 30. Bxe4 dxe4 31. Rf1 Rf5 32. Rxf5 gxf5 33. Qg3+ 1-0

[Event "Nachod op 8th"]
[Site "Nachod"]
[Date "2002.??.??"]
[Round "3"]
[White "Bazant, Zdenek"]
[Black "Kopicka, Karel"]
[Result "0-1"]
[WhiteElo "1880"]
[BlackElo "2145"]
[PlyCount "80"]
[EventDate "2002.??.??"]
[EventType "swiss"]
[EventRounds "9"]
[EventCountry "CZE"]
[SourceTitle "EXT 2007"]
[Source "ChessBase"]
[SourceDate "2006.11.23"]
[SourceVersion "1"]
[SourceVersionDate "2006.11.23"]
[SourceQuality "1"]

1. e4 e6 2. b3 d5 3. Bb2 Nf6 4. e5 Nfd7 5. d4 c5 6. c3 Nc6 7. Bb5 Qb6 8. Bxc6 bxc6 9. Ne2 cxd4 10. cxd4 f6 11. exf6 Nxf6 12. 0-0 Bd6 13. Nbc3 0-0 14. Rc1 Ba6 15. g3 Rae8 16. Na4 Qc7 17. Nc5 Bxe2 18. Qxe2 e5 19. Na6 Qb6 20. Qd3 e4 21. Qe2 Qb7 22. Nc5 Qc8 23. Kg2 Bxc5 24. Rxc5 Re6 25. Rc3 Ne8 26. Bc1 Nd6 27. a4 Nf5 28. Qd1 Ref6 29. h4 Rg6 30. Kh2 Qb8 31. Bf4 Qb4 32. Bd2 Qxd4 33. h5 Rgf6 34. Qc1 Qe5 35. Bf4 Qe8 36. Bg5 Qxh5+ 37. Kg2 Rg6 38. f4 exf3+ 39. Rfxf3 Rxg5 40. Rxc6 Nh4+ 0-1

[Event "Nachod op 8th"]
[Site "Nachod"]
[Date "2002.??.??"]
[Round "4"]
[White "Nisztuk, Michal"]
[Black "Bazant, Zdenek"]
[Result "1/2-1/2"]
[WhiteElo "2065"]
[BlackElo "1880"]
[PlyCount "103"]
[EventDate "2002.??.??"]
[EventType "swiss"]
[EventRounds "9"]
[EventCountry "CZE"]
[SourceTitle "EXT 2007"]
[Source "ChessBase"]
[SourceDate "2006.11.23"]
[SourceVersion "1"]
[SourceVersionDate "2006.11.23"]
[SourceQuality "1"]

1. e4 c5 2. Nf3 Nf6 3. Nc3 Nc6 4. Bc4 e6 5. d4 d5 6. exd5 exd5 7. Bb5 Bg4 8. Qe2+ Be7 9. dxc5 0-0 10. Bxc6 bxc6 11. b4 Re8 12. Be3 Ne4 13. Nxe4 dxe4 14. Qc4 exf3 15. Qxg4 Bf6 16. Rb1 Bc3+ 17. Kf1 fxg2+ 18. Qxg2 Re6 19. Rg1 Qf6 20. Qg5 Qf3 21. Qf4 Qh3+ 22. Ke2 Rae8 23. Rg3 Qh5+ 24. Kf1 Qd5 25. Qf3 Qxa2 26. Rb3 Qxc2 27. Ra3 Bxb4 28. Rxa7 Qb1+ 29. Kg2 Qe4 30. Rxf7 Qxf3+ 31. Rgxf3 Re5 32. Rb7 Bxc5 33. Bxc5 Rxc5 34. Rff7 Rg5+ 35. Kh3 Re6 36. Rf4 Rh6+ 37. Rh4 Rf6 38. f4 Rb5 39. Rc7 Rg6 40. Rc8+ Kf7 41. Rxh7 Rb3+ 42. Kh4 Rg2 43. Rc7+ Kg8 44. Rh5 Rxh2+ 45. Kg4 Rg2+ 46. Kh4 Rgg3 47. Rg5 Rh3+ 48. Kg4 Rhg3+ 49. Kh5 Rh3+ 50. Kg4 Rhg3+ 51. Kh5 Rh3+ 52. Kg4 1/2-1/2

[Event "Nachodsko-ch"]
[Site "Nachod"]
[Date "2001.??.??"]
[Round "10"]
[White "Bazant, Zdenek"]
[Black "Velecky, Viktor"]
[Result "0-1"]
[WhiteElo "1880"]
[BlackElo "2060"]
[PlyCount "102"]
[EventDate "2001.??.??"]
[EventType "tourn"]
[EventRounds "13"]
[EventCountry "CZE"]
[SourceTitle "EXT 2007"]
[Source "ChessBase"]
[SourceDate "2006.11.23"]
[SourceVersion "1"]
[SourceVersionDate "2006.11.23"]
[SourceQuality "1"]

1. e4 e6 2. b3 b6 3. Bb2 Bb7 4. Nc3 Ne7 5. d4 d5 6. Bd3 g6 7. Nf3 Bg7 8. 0-0 0-0 9. exd5 Nxd5 10. Nxd5 Qxd5 11. Re1 c5 12. Be4 Qd7 13. Ne5 Bxe5 14. dxe5 Qxd1 15. Raxd1 Bxe4 16. Rxe4 Nc6 17. Re2 Rfd8 18. Red2 Kf8 19. f4 h5 20. g3 Ke7 21. a3 c4 22. a4 Rxd2 23. Ba3+ Ke8 24. Rxd2 Rc8 25. Bd6 cxb3 26. cxb3 Na5 27. Rd3 Rc2 28. Bb4 Nc6 29. Ba3 Ra2 30. Bd6 Rc2 31. Ba3 a6 32. Bd6 b5 33. axb5 axb5 34. b4 Rb2 35. Ra3 Kd7 36. Ra6 Nd4 37. Ra7+ Kc6 38. Rxf7 Kd5 39. Bc5 Nf3+ 40. Kf1 Rxh2 41. Ra7 Ke4 42. Ra3 Nd2+ 43. Kg1 Re2 44. Bf2 h4 45. gxh4 Kxf4 46. Rg3 Ne4 47. Rxg6 Nxf2 48. Rxe6 Ng4 49. Kf1 Kf3 50. Re8 Ne3+ 51. Kg1 Re1+ 0-1

[Event "Nachodsko-ch"]
[Site "Nachod"]
[Date "2001.??.??"]
[Round "11"]
[White "Novotny, Josef"]
[Black "Bazant, Zdenek"]
[Result "0-1"]
[WhiteElo "2130"]
[BlackElo "1880"]
[PlyCount "128"]
[EventDate "2001.??.??"]
[EventType "tourn"]
[EventRounds "13"]
[EventCountry "CZE"]
[SourceTitle "EXT 2007"]
[Source "ChessBase"]
[SourceDate "2006.11.23"]
[SourceVersion "1"]
[SourceVersionDate "2006.11.23"]
[SourceQuality "1"]

1. e3 d5 2. d3 e5 3. Ne2 Nf6 4. Nd2 c5 5. g3 Bd6 6. Bg2 0-0 7. h3 Nc6 8. 0-0 Re8 9. c4 d4 10. e4 Nh5 11. Nxd4 Nxd4 12. Qxh5 Nc2 13. Rb1 Nb4 14. Nf3 g6 15. Qh6 Bf8 16. Qe3 Qxd3 17. Qxd3 Nxd3 18. Rd1 Nxc1 19. Rbxc1 f6 20. Rc3 Be6 21. Ne1 Red8 22. Nd3 Rd4 23. b3 Rad8 24. Kf1 b5 25. cxb5 c4 26. bxc4 Bxc4 27. Ke2 Bb4 28. Rb3 Bxb3 29. axb3 Ba5 30. f4 Bc7 31. fxe5 Bxe5 32. g4 Rc8 33. Ne1 Rc3 34. Rb1 Rb4 35. Bf1 Rxe4+ 36. Kd2 Rc7 37. Bc4+ Kg7 38. Nd3 Bd4 39. Rf1 Rce7 40. Nb4 Be5 41. Nc6 Rd7+ 42. Kc2 Rf4 43. Nxe5 fxe5 44. Re1 Rf2+ 45. Kc3 Rf3+ 46. Kb4 Rxh3 47. Rxe5 Kf6 48. Rc5 Rg3 49. Rc6+ Ke5 50. Ka5 Rxg4 51. Be6 Rgd4 52. Bxd7 Rxd7 53. Rc5+ Kf4 54. Rc4+ Kg3 55. Rc3+ Kh4 56. b6 g5 57. bxa7 Rxa7+ 58. Kb6 Rg7 59. Rc1 g4 60. Rh1+ Kg5 61. Kc5 g3 62. Kd4 g2 63. Rg1 Kf4 64. Kd3 Kf3 0-1

[Event "Nachod op 6th"]
[Site "Nachod"]
[Date "2000.??.??"]
[Round "4"]
[White "Kopicka, Karel"]
[Black "Bazant, Zdenek"]
[Result "1-0"]
[WhiteElo "2160"]
[BlackElo "1905"]
[PlyCount "67"]
[EventDate "2000.??.??"]
[EventType "swiss"]
[EventRounds "9"]
[EventCountry "CZE"]
[SourceTitle "EXT 2003"]
[Source "ChessBase"]
[SourceDate "2002.11.25"]
[SourceVersion "1"]
[SourceVersionDate "2002.11.25"]
[SourceQuality "1"]

1. Nf3 d5 2. d4 Bf5 3. c4 e6 4. Nc3 Nf6 5. cxd5 exd5 6. Qb3 Nc6 7. Bg5 Bb4 8. e3 0-0 9. Bb5 Qd6 10. Bxf6 gxf6 11. Bxc6 bxc6 12. 0-0 Rab8 13. Rfc1 Qe7 14. Qa4 Bd7 15. Qc2 Kh8 16. Na4 Rb5 17. a3 Bd6 18. Nc5 Bxc5 19. dxc5 Rg8 20. Nd4 Bh3 21. g3 Rxc5 22. Nxc6 Qe6 23. Qxc5 Qe4 24. f3 Qxf3 25. Qc2 Rxg3+ 26. hxg3 Qxg3+ 27. Kh1 Qh4 28. Qh2 Qe4+ 29. Kg1 Qxe3+ 30. Qf2 Qg5+ 31. Kh1 Bf5 32. Re1 Qh5+ 33. Kg1 Bh3 34. Qxf6+ 1-0